Introduction to statistical theory Part-1 (Record no. 63810)

000 -LEADER
fixed length control field 00523nam a22001817a 4500
003 - CONTROL NUMBER IDENTIFIER
control field NUST - PNEC
005 - DATE AND TIME OF LATEST TRANSACTION
control field 20170116180823.0
008 - FIXED-LENGTH DATA ELEMENTS--GENERAL INFORMATION
fixed length control field 150626b xxu||||| |||| 00| 0 eng d
020 ## - INTERNATIONAL STANDARD BOOK NUMBER
International Standard Book Number -
040 ## - CATALOGING SOURCE
Transcribing agency LIBRARY
082 ## - DEWEY DECIMAL CLASSIFICATION NUMBER
Classification number 519.5 CHA
100 ## - MAIN ENTRY--PERSONAL NAME
9 (RLIN) 4235
Personal name Chaudhry, Sher Muhammad
245 ## - TITLE STATEMENT
Title Introduction to statistical theory Part-1
Statement of responsibility, etc. Prof. Sher Muhammad Chaudhry
260 ## - PUBLICATION, DISTRIBUTION, ETC.
Place of publication, distribution, etc. Lahore:
Name of publisher, distributor, etc. Ilmi Kitab Khana,
Date of publication, distribution, etc. c2002.
300 ## - PHYSICAL DESCRIPTION
Extent 584 p. :
Dimensions 22 cm.
650 ## - SUBJECT ADDED ENTRY--TOPICAL TERM
9 (RLIN) 4236
Topical term or geographic name entry element Statistic, Mathematics
General subdivision ME, MIS
942 ## - ADDED ENTRY ELEMENTS (KOHA)
Source of classification or shelving scheme
Koha item type Book
Holdings
Withdrawn status Lost status Source of classification or shelving scheme Damaged status Not for loan Permanent Location Current Location Shelving location Date acquired Total Checkouts Full call number Barcode Date last seen Price effective from Koha item type Date last checked out
          Pakistan Navy Engineering College (PNEC) Pakistan Navy Engineering College (PNEC)   01/18/2003   519.5 CHA PNECLIB-024571 06/26/2015 01/18/2003 Book  
          Pakistan Navy Engineering College (PNEC) Pakistan Navy Engineering College (PNEC)   01/08/2003   519.5 CHA PNECLIB-024568 06/26/2015 06/26/2015 Book  
          Pakistan Navy Engineering College (PNEC) Pakistan Navy Engineering College (PNEC)   01/18/2003 2 519.5 CHA PNECLIB-024566 11/30/2016 06/26/2015 Book 11/30/2016
          Pakistan Navy Engineering College (PNEC) Pakistan Navy Engineering College (PNEC)       519.5 CHA PNECLIB-024556 07/30/2015   Book  
          Pakistan Navy Engineering College (PNEC) Pakistan Navy Engineering College (PNEC)       519.5 CHA PNECLIB-030163 08/01/2015   Book  
          Pakistan Navy Engineering College (PNEC) Pakistan Navy Engineering College (PNEC)       519.5 CHA PNECLIB-028030 08/01/2015   Book  
          Pakistan Navy Engineering College (PNEC) Pakistan Navy Engineering College (PNEC)       519.5 CHA PNECLIB-024567 08/04/2015   Book  
          Pakistan Navy Engineering College (PNEC) Pakistan Navy Engineering College (PNEC)     1 519.5 CHA PNECLIB-024574 03/24/2016   Book 03/24/2016
© 2023 Central Library, National University of Sciences and Technology. All Rights Reserved.